Đặc điểm nghệ thuật truyện ngắn Bùi Hiển

Bùi Hiển - Cây bút nổi bật của văn học Việt Nam hiện đại; Đặc điểm thế giới hình tượng truyện ngắn Bùi Hiển; Nghệ thuật trần thuật truyện ngắn Bùi Hiển.

Sparad:
Bibliografiska uppgifter
Huvudupphovsman: Nguyễn Đỗ Vân Anh
Övriga upphovsmän: Nguyễn Phong Nam PGS.TS (Hướng dẫn)
Materialtyp: Bok
Språk:Vietnamese
Publicerad: Đà Nẵng Đại học Đà Nẵng 2013
Ämnen:
Taggar: Lägg till en tagg
Inga taggar, Lägg till första taggen!
Thư viện lưu trữ: Mạng thư viện Đại học Đà Nẵng
LEADER 01672nam a2200349 4500
001 000019513
003 15948
005 20140515100553.0
008 140515s2013 viesd
041 |a vie 
082 1 4 |a 895.922334  |b NG-A 
100 1 |a Nguyễn Đỗ Vân Anh 
245 1 |a Đặc điểm nghệ thuật truyện ngắn Bùi Hiển  |c Nguyễn Đỗ Vân Anh ; Nguyễn Phong Nam hướng dẫn.  |k Luận văn Thạc sĩ 
260 |a Đà Nẵng  |b Đại học Đà Nẵng  |c 2013 
300 |a 107 tr., phụ lục 4 tr.  |c 29 cm.  |e Tóm tắt 
500 |a Luận văn thạc sĩ Khoa học xã hội và nhân văn. Chuyên ngành: Văn học Việt Nam. Mã số: 60.22.01.21 
520 |a Bùi Hiển - Cây bút nổi bật của văn học Việt Nam hiện đại; Đặc điểm thế giới hình tượng truyện ngắn Bùi Hiển; Nghệ thuật trần thuật truyện ngắn Bùi Hiển. 
650 0 4 |a Truyện ngắn Việt Nam  |v Luận văn tốt nghiệp  |x Bùi Hiển  |x Nghiên cứu  |z Việt Nam 
653 |a Văn học Việt Nam 
653 |a Bùi Hiển 
653 |a Truyện ngắn Việt Nam 
700 1 |a Nguyễn Phong Nam  |c PGS.TS  |e Hướng dẫn 
OWN |a LSP 
AVA |a UDN50  |b LSP  |d 895.922334 NG-A  |e available  |t Error 5001 Not defined in file expand_doc_bib_avail.  |f 1  |g 0  |h N  |i 0  |k 1 
999 |a From the UDN01 
AVA |a UDN50  |b LSP  |d 895.922334 NG-A  |e available  |t Error 5001 Not defined in file expand_doc_bib_avail.  |f 1  |g 0  |h N  |i 0  |k 1 
TYP |a Monograph 
TYP |a Printed language 
980 |a Mạng thư viện Đại học Đà Nẵng